01302nam a2200349Ia 4500001000500000005001700005008004100022020003000063020003400093040003500127041000800162084001100170100003600181245013100217250001800348264002800366300005700394336002700451337003300478338002800511500004200539521003600581534002100617650004000638650004400678650003700722650003800759650004100797650004100838700003000879700004300909794520251216154009.0170328s2015 c a g 000 f s  a9789584238788 (volumen 6) a9789584238726 (obra completa) aCO-BoRNBPbspaerdacCO-BoRNBP aspa aN LEW21 aLewis, Clive Staplesd1898-196314aLas crónicas de Narnia 6:bla silla de plata /cC.S. Lewis ; traducción de Gemma Gallart ; ilustraciones de Pauline Baynes a5a. edición aBogotábDestinoc2015 a299 páginasbilustraciones a blanco y negroc21 cm atextobtxt2rdacontent asin mediaciónbn2rdamedia avolumenbnc2rdacarrier aIncluye datos biográficos del autor aRecomendado desde los 12 años tThe Silver Chair142LEMBaNovela británicaySiglo XIX142LEMBaLiteratura británicaySiglo XIX142LEMBaAventuras en la literatura142LEMBaFantasía en la literatura142LEMBaImaginación en la literatura142LEMBaLibros ilustrados para niños1 aGallart, Gemmaetraductor1 aBaynes, Paulined1922-2008eilustrador